Pays d'Europe en 1800 - Statistiques

Statistiques générales
  • Ce quiz a été pris 207 fois
  • Le résultat moyen est 19 sur 53
Statistiques - réponses
Région Réponse % Correct
France
97%
Russie
89%
Europe de l'Ouest Espagne
86%
Prusse
86%
Autriche
85%
Portugal
82%
Suède
82%
Europe du Nord et du Nord-Ouest Danemark
79%
Grande-Bretagne
79%
Empire Ottoman
73%
Pays-Bas
72%
Italie Etats Pontificaux
71%
Suisse
71%
Bavière
65%
Italie
58%
Naples
57%
Saxe
51%
Hambourg
36%
Monténégro
36%
Hanovre
33%
Moldavie
32%
Bade
31%
Gênes
29%
Toscane
29%
Hospitaliers
28%
Wurtemberg
28%
Brême
25%
Hesse
25%
Francfort
23%
Piémont-Sardaigne
23%
Valachie
23%
Parme
20%
Mecklembourg
17%
Modène
17%
Germanophones Anhalt
16%
Cologne
16%
Lübeck
13%
Lucques
13%
Brunswick
12%
Nassau
12%
Oldenbourg
11%
Salzbourg
11%
Thuringe
11%
Mayence
9%
Ulm
9%
Raguse
7%
Augsbourg
6%
Europe de l'Est Circassie
6%
Balkans Corfou
6%
Nüremberg
5%
Ravensbourg
3%
Wurzbourg
3%
Gazikumukh
1%
Aucun quiz correspondant
Distribution des résultats
% des personnes avec chaque résultat
Percentile par nombre de réponses
Votre historique - résultats
Vous n’avez pas pris ce quiz